LEADER 03631nam 2200673 450 001 9910453328003321 005 20200520144314.0 010 $a1-317-16729-5 010 $a1-317-16728-7 010 $a1-4094-4710-3 035 $a(CKB)2550000001151236 035 $a(EBL)1531632 035 $a(OCoLC)862612201 035 $a(SSID)ssj0001040238 035 $a(PQKBManifestationID)11595571 035 $a(PQKBTitleCode)TC0001040238 035 $a(PQKBWorkID)11001673 035 $a(PQKB)10993603 035 $a(MiAaPQ)EBC1531632 035 $a(MiAaPQ)EBC5121950 035 $a(Au-PeEL)EBL1531632 035 $a(CaPaEBR)ebr10784021 035 $a(CaONFJC)MIL559332 035 $a(Au-PeEL)EBL5121950 035 $a(CaONFJC)MIL924842 035 $a(OCoLC)1027198151 035 $a(EXLCZ)992550000001151236 100 $a20131104d2013 uy 0 101 0 $aeng 135 $aur|n|---||||| 181 $ctxt 182 $cc 183 $acr 200 00$aChina' diplomacy in Eastern and Southern Africa /$fedited by Seifudein Adem 210 1$aSurrey, England ;$aBurlington, Vermont :$cAshgate Publishing Company,$d2013. 210 4$dİ2013 215 $a1 online resource (278 p.) 225 1 $aThe International Political Economy of New Regionalisms Series 300 $aDescription based upon print version of record. 311 $a1-4094-4709-X 320 $aIncludes bibliographical references and index. 327 $aCover; Contents; List of Figures and Tables; Notes on Contributors; Foreword: Africa and China in a "Post-American World"; Preface; 1 The Yellow Man's Burden: Race and Revolution in Sino-African Relations; 2 Trends in Sino-Zambian Relations; 3 China's Somali Piracy Deployment: Strategic Context and Implications; 4 Merchandise Trading between Kenya and China: Implications for the East African Community (EAC); 5 Perspectives on Sino-Tanzanian Relations; 6 Sino-Ugandan Relations: Themes and Issues; 7 A New All-Weather Friend? China's Evolving Relations with South Sudan 327 $a8 The Logic of China's Diplomacy in Ethiopia9 Impact of the Growing Chinese Foreign Trade on the Economy of Madagascar; 10 China-Zambia Relations; 11 China's Foreign Policy toward Africa from the Bandung Conference to the Twenty-First Century (1955-2011); 12 Conceptualizing China-Africa Relations: A Conclusion; Index 330 $aIn contemporary discourse on China-Africa relations, there are three differing perspectives. On one hand Sino-pessimists view China as a giant, feeding on Africa's resources to fuel its own industrialization. On the other hand, Sino-optimists see China as a benevolent state capable of 'developing' the continent. In the middle sit the Sino-pragmatists who remain unsure of what Africa might gain from China-Africa relations. This book introduces a regional approach to the study of China-Africa relations by focusing on Eastern and Southern Africa; and it puts forward a disciplinary framework - dis 410 4$aThe International Political Economy of New Regionalisms Series 607 $aChina$xForeign economic relations$zAfrica, Southern 607 $aChina$xForeign economic relations$zAfrica, Eastern 607 $aChina$xForeign relations$zAfrica, Southern 607 $aChina$xForeign relations$zAfrica, Eastern 608 $aElectronic books. 676 $a327.5106 701 $aAdem$b Seifudein$0866621 801 0$bMiAaPQ 801 1$bMiAaPQ 801 2$bMiAaPQ 906 $aBOOK 912 $a9910453328003321 996 $aChina' diplomacy in Eastern and Southern Africa$91934507 997 $aUNINA LEADER 02469nam 2200637 a 450 001 9910452244103321 005 20200520144314.0 010 $a1-908316-49-7 010 $a1-907655-38-7 035 $a(CKB)2550000000103401 035 $a(EBL)1622915 035 $a(SSID)ssj0000685978 035 $a(PQKBManifestationID)12218257 035 $a(PQKBTitleCode)TC0000685978 035 $a(PQKBWorkID)10731213 035 $a(PQKB)10226482 035 $a(MiAaPQ)EBC3329168 035 $a(MiAaPQ)EBC1622915 035 $a(Au-PeEL)EBL3329168 035 $a(CaPaEBR)ebr10565414 035 $a(OCoLC)929120205 035 $a(Au-PeEL)EBL1622915 035 $a(OCoLC)870599831 035 $a(EXLCZ)992550000000103401 100 $a20120613d2012 uy 0 101 0 $aeng 135 $aur|n|---||||| 181 $ctxt 182 $cc 183 $acr 200 10$aFetal behaviour$b[electronic resource] $ea neurodevelopmental approach /$fChrista Einspieler, Daniela Prayer, Heinz Fr Prechtl 210 $aLondon $cMac Keith Press$d2012 215 $a1 online resource (251 p.) 225 1 $aClinics in developmental medicine ;$vno. 189 300 $aDescription based upon print version of record. 311 $a1-898683-87-5 320 $aIncludes bibliographical references and index. 327 $aTitle Page; Observation of fetal behaviour; Spontaneous motor behaviour; Prenatal laterality; Behavioural states; Fetal responsiveness; Fetal behaviour in twins; Determinants of fetal behaviour; Functional assessment of the fetal nervous system; Epilogue; List of Videos; Index 330 $a This book presents an account of our current understanding of fetal behaviour as obtained through the assessment of fetal movements and behavioural states. It describes the patterns of fetal movements and their underlying mechanisms, as well as the determinants of fetal behaviour. 410 0$aClinics in developmental medicine ;$vno. 189. 606 $aFetal behavior 606 $aFetus$xDevelopment 608 $aElectronic books. 615 0$aFetal behavior. 615 0$aFetus$xDevelopment. 676 $a612.647 700 $aEinspieler$b Christa$0921440 701 $aPrayer$b Daniela$01042037 701 $aPrechtl$b Heinz F. R$0921441 801 0$bMiAaPQ 801 1$bMiAaPQ 801 2$bMiAaPQ 906 $aBOOK 912 $a9910452244103321 996 $aFetal behaviour$92465983 997 $aUNINA